Score 0/7 Timer 03:00
3 Plays Today
Question Answer Wrong Answers
This now ubiquitous physical action to dislodge an obstruction of the upper airway, which takes its colloquial name from the doctor who first published his report, is suggested in the journal 'Emergency Medicine'.
1974
Heimlich Maneuver
89.8%
Bainbridge Reflex
1.9%
Murphy's Punch Sign
1.7%
Lachman Maneuver
2.2%
This former general and leader of anti-German French forces during Nazi occupation is elected Prime Minister of France.
1958
Charles de Gaulle
85.7%
Philippe Pétain
5.2%
Jean Moulin
3%
Édouard Daladier
2.3%
Owned and operated by American media tycoon Ted Turner, this 24-hour-news channel begins broadcasting.
1980
CNN
81.7%
Fox News
7.5%
MSNBC
2.5%
C-SPAN
3.8%
This wife of Henry VIII, his second of six and mother to the future Queen Elizabeth I, is crowned Queen of England.
1533
Anne Boleyn
72.9%
Catherine of Aragon
13.9%
Jane Seymour
8.1%
Anne of Cleves
5%
This US President, the 15th and only President to remain a bachelor throughout his entire life, passes away at his home in Pennsylvania.
1868
James Buchanan
62.2%
Franklin Pierce
10.4%
Andrew Johnson
10.4%
Millard Fillmore
14.1%
This major figurehead in the Church of Latter-day Saints, famous for leading the church into Utah and founding Salt Lake City, is born in Vermont.
1801
Brigham Young
57.2%
Joseph Smith
34.9%
Orson Hyde
2.8%
Heber C. Kimball
3.1%
This Appalachian state, formerly a territory of Virginia, home to Black Mountain, and future birthplace of Abraham Lincoln, becomes the 15th state admitted into the US.
1792
Kentucky
56.2%
West Virginia
30.7%
North Carolina
4.8%
Tennessee
7.6%
Remove Ads.
Support Sporcle.
Get the best of Sporcle when you Go Orange. This ad-free experience offers more features, more stats, and more fun while also helping to support Sporcle. Thank you for becoming a member.

You're not logged in!

Compare scores with friends on all Sporcle quizzes.
OR
Log In

Show Comments

Extras

Top Quizzes Today


Score Distribution

Your Account Isn't Verified!

In order to create a playlist on Sporcle, you need to verify the email address you used during registration. Go to your Sporcle Settings to finish the process.

Report this User

Report this user for behavior that violates our Community Guidelines.

Details: